| 000 | 01572nam a2200169Ia 4500 | ||
|---|---|---|---|
| 005 | 20260302160848.0 | ||
| 008 | 260302s9999 xx 000 0 und d | ||
| 020 | _a9780826450272 | ||
| 082 |
_a338.926 _bDEL |
||
| 100 | _aMothe, John De la | ||
| 245 | 0 |
_aScience, Technology and Governance / _cMothe, John De la |
|
| 260 |
_bRoutledge, _c2001 |
||
| 300 | _a246 pages | ||
| 520 | _aScience, technology and innovation have long been key factors in the competitive advantage of nations. Today, however, the new international political economy is being increasingly driven by science and technology in new ways. Integration, globalization and internationalization have all become watchwords for a series of dynamic processes in which science and technology are deeply implicated. As a result, not only are the policies of "national" governments being exposed in terms of the limits of their sovereignty, but science and technology are being increasingly implicated in a wide array of public issues - ranging from security, privacy, development and economic growth to employment, environment, foreign policy and geopolitics. Clearly, in today's emerging world, the ways in which governments organize their science and technology policy, their science and technology intelligence, and their research advisory structures and resources matter more today than ever before. In turn, the contract between science anddemocracy is being rapidly redefined. This book is the first to comprehensively discuss these critical issues. | ||
| 650 | _aPolitical Science | ||
| 942 | _cENGLISH | ||
| 999 |
_c616636 _d616636 |
||